000 00751nam a2200241 i 4500
001 bg
100 1 _aŁUPICKA, Anna
245 1 0 _aSieci logistyczne :
_bteorie, modele, badania /
_cAnna Łupicka ; Akademia Ekonomiczna w Poznaniu.
260 _aPoznań :
_bAE,
_c2006.
300 _a105 s. :
_bwykr. ;
_c24 cm.
504 _aBibliogr.
650 9 _aLogistyka gospodarcza
655 _aPodręczniki akademickie
710 0 _aAkademia Ekonomiczna (Poznań)
020 _a8374171146
040 _cBPK
041 0 _apol
080 _a65.011(075.8)
920 _a83-7417-114-6
942 _cKS
008 s pl f |000 0 pol
999 _c51836
_d51836
856 _uhttp://koha.tu.koszalin.pl/cgi-bin/koha/opac-detail.pl?biblionumber=51836
_yKatalog online BPK